[Event "FICGS W-ch st1 g11 email"]
[Site "FICGS email"]
[Date "2014.03.03"]
[Round "1"]
[White "Roque, Pedro"]
[Black "James, Angus"]
[Result "1-0"]
[WhiteElo "1476"]
[BlackElo "2083"]
[PlyCount "73"]
[EventDate "2014.??.??"]
[EventType "tourn (corr)"]
[EventRounds "8"]
[SourceTitle "Corr 2022"]
[Source "ChessBase"]
[SourceDate "2021.10.24"]
[SourceVersion "1"]
[SourceVersionDate "2021.10.24"]
[SourceQuality "1"]

1. d4 Nf6 2. f3 d5 3. e4 dxe4 4. Nc3 exf3 5. Nxf3 g6 6. Bf4 Bg7 7. Qd2 0-0 8. 0-0-0 c6 9. Kb1 a5 10. h3 a4 11. a3 b5 12. Ne5 b4 13. axb4 a3 14. b3 Be6 15. Re1 Nd5 16. Nxd5 a2+ 17. Ka1 cxd5 18. h4 Bf5 19. c3 f6 20. Nd3 Nd7 21. h5 g5 22. h6 Bh8 23. Bh2 Ra3 24. g4 Bg6 25. Bg2 Bf7 26. Qb2 Ra8 27. Re2 Re8 28. Rhe1 Nf8 29. Nc5 Ra7 30. b5 e6 31. b4 Rae7 32. b6 Qxb6 33. Bxd5 e5 34. Bxf7+ Rxf7 35. Qb3 Ne6 36. Rxa2 Nxc5 37. dxc5 1-0

[Event "FICGS rapid D 000030 email"]
[Site "FICGS email"]
[Date "2009.11.24"]
[Round "1"]
[White "Leurette, Marc Antoine"]
[Black "Roque, Pedro"]
[Result "0-1"]
[WhiteElo "1371"]
[BlackElo "1490"]
[PlyCount "56"]
[EventDate "2009.??.??"]
[EventType "tourn (rapid)"]
[EventRounds "5"]
[SourceTitle "Corr 2022"]
[Source "ChessBase"]
[SourceDate "2021.10.24"]
[SourceVersion "1"]
[SourceVersionDate "2021.10.24"]
[SourceQuality "1"]

1. e4 c5 2. Nc3 d6 3. Nf3 a6 4. d4 cxd4 5. Nxd4 Nf6 6. Be3 e6 7. f3 b5 8. Qd3 Qc7 9. f4 Be7 10. a4 b4 11. Nce2 Nbd7 12. c3 Nc5 13. Qc2 Bb7 14. e5 dxe5 15. fxe5 Ng4 16. Bf4 Be4 17. Qd2 Nd3+ 18. Kd1 Ngf2+ 19. Kc2 b3+ 20. Kb1 Nxf4+ 21. Kc1 N4d3+ 22. Kb1 Nxe5+ 23. Kc1 Ned3+ 24. Kb1 Nb4+ 25. Kc1 Na2+ 26. Rxa2 bxa2 27. Nb3 Rb8 28. Na1 Ba3 0-1

[Event "FICGS W-ch st1 g04 email"]
[Site "FICGS email"]
[Date "2009.11.02"]
[Round "1"]
[White "D Ettorre, Rodolfo"]
[Black "Roque, Pedro"]
[Result "1-0"]
[WhiteElo "1950"]
[BlackElo "1490"]
[PlyCount "101"]
[EventDate "2009.??.??"]
[EventType "tourn (corr)"]
[EventRounds "8"]
[SourceTitle "Corr 2022"]
[Source "ChessBase"]
[SourceDate "2021.10.24"]
[SourceVersion "1"]
[SourceVersionDate "2021.10.24"]
[SourceQuality "1"]

1. e4 c5 2. Nf3 Nc6 3. d4 cxd4 4. Nxd4 g6 5. c4 Bg7 6. Nc2 d6 7. Be2 Qb6 8. Nc3 Bxc3+ 9. bxc3 Nf6 10. f3 Qa5 11. Bd2 h5 12. Ne3 h4 13. Qb3 Nd7 14. Rb1 e6 15. 0-0 Nc5 16. Qc2 f5 17. exf5 gxf5 18. Ng4 Qc7 19. Nf6+ Kf7 20. Bg5 b6 21. f4 Kg6 22. Qd1 Ba6 23. Bh5+ Kg7 24. Bxh4 Bxc4 25. Rf3 Bxa2 26. Ra1 Bc4 27. Rg3+ Kf8 28. Qf3 Ne4 29. Nxe4 fxe4 30. Qxe4 Rxh5 31. Qxc4 d5 32. Qe2 Qf7 33. Bg5 Re8 34. Re3 Kg8 35. Qg4 Qg6 36. h4 d4 37. cxd4 Nxd4 38. Rxa7 Nf5 39. Rh3 Nd6 40. Rb3 b5 41. Qd1 Nf7 42. Rxb5 Nxg5 43. Qxh5 Qxh5 44. Rxg5+ Qxg5 45. fxg5 e5 46. h5 e4 47. g6 Re6 48. Kf2 Kh8 49. Ke3 Kg8 50. g4 Rc6 51. Kxe4 1-0

[Event "FICGS W-ch st1 g04 email"]
[Site "FICGS email"]
[Date "2009.11.02"]
[Round "1"]
[White "Hrubaru, Mircea"]
[Black "Roque, Pedro"]
[Result "1-0"]
[WhiteElo "1740"]
[BlackElo "1490"]
[PlyCount "109"]
[EventDate "2009.??.??"]
[EventType "tourn (corr)"]
[EventRounds "8"]
[SourceTitle "Corr 2022"]
[Source "ChessBase"]
[SourceDate "2021.10.24"]
[SourceVersion "1"]
[SourceVersionDate "2021.10.24"]
[SourceQuality "1"]

1. d4 d5 2. c4 e6 3. Nf3 Bb4+ 4. Bd2 Bd6 5. Nc3 Nf6 6. e3 0-0 7. Qb3 Re8 8. 0-0-0 b6 9. cxd5 exd5 10. Nxd5 Ng4 11. e4 Nxf2 12. e5 Be7 13. Nxe7+ Qxe7 14. Bc4 Be6 15. d5 b5 16. Bxb5 c6 17. Bb4 Qc7 18. Qc2 Nxd1 19. Ng5 g6 20. dxe6 Ne3 21. exf7+ Qxf7 22. Nxf7 Nxc2 23. Nd6 Nxb4 24. Nxe8 Nd7 25. Bc4+ Nd5 26. Nf6+ N7xf6 27. exf6 Kf7 28. Rf1 h5 29. b4 Rd8 30. Kd2 Kf8 31. Bxd5 Rxd5+ 32. Kc3 Kf7 33. Rf2 g5 34. a4 g4 35. g3 Rd1 36. Rf5 Rc1+ 37. Kd4 Rb1 38. Rxh5 Kxf6 39. Kc5 Rc1+ 40. Kd6 Rc4 41. Rh7 Rxb4 42. a5 a6 43. Ra7 Rb2 44. Rxa6 Ra2 45. Kxc6 Kf5 46. Ra8 Ke4 47. Kb5 Rb2+ 48. Kc4 Ra2 49. Kb3 Ra1 50. Kb4 Kf3 51. Rf8+ Kg2 52. Rf4 Kh3 53. Kb5 Re1 54. Rc4 Re7 55. a6 1-0

[Event "FICGS W-ch st1 g04 email"]
[Site "FICGS email"]
[Date "2009.11.02"]
[Round "1"]
[White "Legrand, Stephane"]
[Black "Roque, Pedro"]
[Result "1-0"]
[WhiteElo "2222"]
[BlackElo "1490"]
[PlyCount "91"]
[EventDate "2009.??.??"]
[EventType "tourn (corr)"]
[EventRounds "8"]
[SourceTitle "Corr 2022"]
[Source "ChessBase"]
[SourceDate "2021.10.24"]
[SourceVersion "1"]
[SourceVersionDate "2021.10.24"]
[SourceQuality "1"]

1. c4 Nf6 2. Nf3 e6 3. b3 d5 4. Bb2 Bd6 5. g3 0-0 6. Bg2 c5 7. 0-0 d4 8. b4 Re8 9. e3 e5 10. exd4 exd4 11. d3 Qb6 12. Na3 Nc6 13. Nb5 Nxb4 14. a3 Na6 15. Nxd6 Qxd6 16. Bc1 Nc7 17. Bf4 Qd8 18. Rb1 Ne6 19. Bd2 Nd7 20. Re1 Rb8 21. Nh4 b6 22. f4 Nc7 23. Rxe8+ Qxe8 24. Qa4 Qe2 25. Qc2 Bb7 26. Re1 Qg4 27. Bxb7 Rxb7 28. Qa4 b5 29. cxb5 h6 30. b6 Rxb6 31. Qxa7 Rb2 32. Bc1 Rc2 33. Qa4 Ra2 34. Qb3 Re2 35. Qd1 Rxe1+ 36. Qxe1 Nb5 37. Kg2 Nd6 38. Qe7 Nf6 39. Nf3 Nfe8 40. Qe5 Qc8 41. Qd5 Nb7 42. Ne5 Ned6 43. g4 Qe8 44. Kf2 Qb5 45. g5 hxg5 46. fxg5 1-0

[Event "FICGS W-ch st1 g09 email"]
[Site "FICGS email"]
[Date "2008.01.08"]
[Round "1"]
[White "Broniek, Mariusz Maciej"]
[Black "Roque, Pedro"]
[Result "1-0"]
[WhiteElo "2003"]
[BlackElo "1600"]
[PlyCount "85"]
[EventDate "2008.??.??"]
[EventType "tourn (corr)"]
[EventRounds "8"]
[SourceTitle "Corr 2022"]
[Source "ChessBase"]
[SourceDate "2021.10.24"]
[SourceVersion "1"]
[SourceVersionDate "2021.10.24"]
[SourceQuality "1"]

1. e4 e6 2. d4 d5 3. Nc3 dxe4 4. Nxe4 Nf6 5. Nxf6+ Qxf6 6. Nf3 h6 7. Bd3 Nc6 8. 0-0 Bd6 9. c3 0-0 10. Re1 e5 11. dxe5 Nxe5 12. Nxe5 Bxe5 13. g3 Bd6 14. Be4 Rd8 15. Qc2 c6 16. Be3 Be6 17. f4 Bc7 18. Qf2 a5 19. Bd4 Rxd4 20. Qxd4 Qxd4+ 21. cxd4 Bb6 22. Red1 f5 23. Bc2 Rd8 24. Bb3 Bxb3 25. axb3 Bxd4+ 26. Kg2 b6 27. Rd2 Kf7 28. h4 h5 29. Re1 Rd6 30. Kf3 c5 31. Rdd1 g6 32. Rd3 Re6 33. Rxe6 Kxe6 34. Rd2 b5 35. Ke2 Ke7 36. Kd3 Kd6 37. Re2 Kd7 38. Kc2 Bg1 39. Rd2+ Ke6 40. Kb1 Bd4 41. Re2+ Kd7 42. Kc1 Bg1 43. Kc2 1-0

[Event "FICGS W-ch st1 g09 email"]
[Site "FICGS email"]
[Date "2008.01.08"]
[Round "1"]
[White "Roque, Pedro"]
[Black "Czekaj, Christophe"]
[Result "0-1"]
[WhiteElo "1600"]
[BlackElo "1873"]
[PlyCount "34"]
[EventDate "2008.??.??"]
[EventType "tourn (corr)"]
[EventRounds "8"]
[SourceTitle "Corr 2022"]
[Source "ChessBase"]
[SourceDate "2021.10.24"]
[SourceVersion "1"]
[SourceVersionDate "2021.10.24"]
[SourceQuality "1"]

1. e4 Nf6 2. e5 Nd5 3. d4 d6 4. Nf3 dxe5 5. dxe5 Bg4 6. Be2 e6 7. 0-0 Nd7 8. c4 N5b6 9. Qd4 Bxf3 10. Bxf3 c6 11. Qc3 Qh4 12. Nd2 a5 13. Ne4 Nc5 14. Nd6+ Bxd6 15. exd6 0-0 16. Be3 Nbd7 17. Rfe1 Qf6 0-1